Historia de don Felipe IIII, Rey de las Españas / (Record no. 153075)

MARC details
000 -LEADER
campo de control de longitud fija 00817nam a2200205 i 4500
001 - NÚMERO DE CONTROL
campo de control 153075
003 - IDENTIFICADOR DE NÚMERO DE CONTROL
campo de control ES-MaACL
005 - FECHA Y HORA DE LA ÚLTIMA TRANSACCIÓN
campo de control 20230906205019.0
008 - DATOS DE LONGITUD FIJA--INFORMACIÓN GENERAL
campo de control de longitud fija 931025s1634 sp |||| | spa d
100 1# - ENTRADA PRINCIPAL--NOMBRE DE PERSONA
Nombre de persona Céspedes y Meneses, Gonzalo de.
9 (RLIN) 37691
245 10 - MENCIÓN DEL TÍTULO
Título Historia de don Felipe IIII, Rey de las Españas /
Mención de responsabilidad, etc. por don Gonçalo de Cespedes y Meneses.
260 ## - PUBLICACIÓN, DISTRIBUCIÓN, ETC.
Lugar de publicación, distribución, etc. En Barcelona :
Nombre del editor, distribuidor, etc. por Sebastian de Cormellas ...,
Fecha de publicación, distribución, etc. 1634.
300 ## - DESCRIPCIÓN FÍSICA
Extensión [4], 281, [3] h. ;
Dimensiones Fol.
597 ## - NOTA DE DESCRIPCIÓN FÍSICA
NOTA DE DESCRIPCIÓN FÍSICA Sign.: ¶4, A-Z8, 2A-2M8, 2N4.
597 ## - NOTA DE DESCRIPCIÓN FÍSICA
NOTA DE DESCRIPCIÓN FÍSICA Texto a dos col.
597 ## - NOTA DE DESCRIPCIÓN FÍSICA
NOTA DE DESCRIPCIÓN FÍSICA Port. con esc. xil. real.
650 04 - PUNTO DE ACCESO ADICIONAL DE MATERIA--TÉRMINO DE MATERIA
Término de materia o nombre geográfico como elemento de entrada España-
Subdivisión general Historia-
Subdivisión cronológica 1621-1665, Felipe IV.
9 (RLIN) 221984
852 ## - LOCALIZACIÓN
Ubicación ES-MaACL
Número de control de estantería R-143
Nota libre -- Enc. pasta española
-- -- Ex-libis ms. de Fr. Andrés González de San Pablo, 1691º
Encuadernación Olim: B-10894
Holdings
Estatus retirado Estado de pérdida Estado de daño No para préstamo Colección Biblioteca de origen Biblioteca actual Ubicación en estantería Fecha de adquisición Fuente de adquisición Total de préstamos Signatura topográfica completa Código de barras Visto por última vez Precio de reemplazo Tipo de ítem Koha
        Libros del s. XVII Biblioteca del Ateneo de Madrid Biblioteca del Ateneo de Madrid Depósito 17/01/2008     R-143 1159927 23/02/2023 23/02/2023 Libro impreso antiguo